| 000 | 00849nam a22001815i 4500 | ||
|---|---|---|---|
| 001 | 168251 | ||
| 003 | ES-MaACL | ||
| 005 | 20230906213730.0 | ||
| 008 | 020301s1871 sp |||| | spa d | ||
| 040 |
_aCAM _bspa _cCAM |
||
| 100 | 1 |
_aZumel, Enrique. _9118492 |
|
| 245 | 1 | 0 |
_aDe doce á una _b: juguete cómico en un acto y en prosa / _coriginal de Enrique Zumel. |
| 260 |
_aMadrid : _b[s.n.], _c1871 ( _fImprenta de José Rodríguez) |
||
| 300 |
_a21 p. ; _c19 cm. |
||
| 500 | _aEn port.: Representado en el Teatro Martin, el 20 de marzo de 1871. | ||
| 596 | _aAl v. de port. consta : "... Galerías Dramáticas y Líricas de los Sres. Gullon é Hidalgo..." | ||
| 852 |
_aES-MaACL _jF-8571(4) _z-- Enc. pasta española., falto de la enc. original _z-- Enc. en un vol. facticio formando parte de la col. facticia "Teatro español moderno", vol. 24 |
||
| 999 |
_c168251 _d168251 |
||